| 000 | 00616cab a22001815a 4500 | ||
|---|---|---|---|
| 001 | L154837 | ||
| 008 | 120123e20120120 000 0 eng u | ||
| 035 | _a(Sirsi) u154837 | ||
| 041 | 0 | _aeng | |
| 100 | 1 | _aWright, Emily | |
| 245 | 0 | 0 | _aTop 150 contractors and housebuilders |
| 260 | _c2012 | ||
| 490 | 0 |
_aBuilding _v277 (8711) 20 January 2012, 40-45 (6) |
|
| 520 | _aAnnual league tables of the top European contractors and housebuilders; top 150 contractors and housebuilders by turnover; top 150 materials producers by turnover. | ||
| 651 | 4 | _aEurope | |
| 690 |
_aConstruction management _96230 |
||
| 942 | _n0 | ||
| 999 |
_c83726 _d83726 |
||